[Event "EU-ch U10 26th"]
[Site "Prague"]
[Date "2016.08.27"]
[Round "9"]
[White "Sultanahmedov, Bulat"]
[Black "Fatalizade, Murad"]
[Result "0-1"]
[WhiteElo "1356"]
[BlackElo "1440"]
[PlyCount "78"]
[EventDate "2016.08.18"]
[EventType "swiss"]
[EventRounds "9"]
[EventCountry "CZE"]
[SourceTitle "CBM 174 Extra"]
[Source "ChessBase"]
[SourceDate "2016.10.10"]
[SourceVersion "1"]
[SourceVersionDate "2016.10.10"]
[SourceQuality "1"]

1. e4 c5 2. Nc3 a6 3. f4 Nc6 4. Nf3 g6 5. d3 Bg7 6. g3 d6 7. Bg2 e6 8. 0-0 Nge7 9. Ne2 0-0 10. g4 f5 11. exf5 exf5 12. g5 Rb8 13. Ng3 Nd4 14. h4 Nxf3+ 15. Qxf3 b5 16. h5 Bb7 17. Qe2 Bxg2 18. Qxg2 Bd4+ 19. Kh2 Qd7 20. Rb1 d5 21. Bd2 Bg7 22. Rfe1 d4 23. Kg1 Rfe8 24. h6 Bh8 25. Ne2 Nd5 26. Ng3 Kf7 27. Nf1 Rxe1 28. Rxe1 Re8 29. Rxe8 Kxe8 30. Nh2 Kf7 31. Kf2 Qe6 32. Qf1 Nb6 33. Qh1 Qd5 34. Qxd5+ Nxd5 35. Nf3 c4 36. a3 c3 37. bxc3 dxc3 38. Be3 a5 39. Kg3 Nxe3 0-1

[Event "EU-ch U10 26th"]
[Site "Prague"]
[Date "2016.08.22"]
[Round "5"]
[White "Akin, Yagiz Cinar"]
[Black "Sultanahmedov, Bulat"]
[Result "0-1"]
[WhiteElo "1607"]
[BlackElo "1356"]
[PlyCount "134"]
[EventDate "2016.08.18"]
[EventType "swiss"]
[EventRounds "9"]
[EventCountry "CZE"]
[SourceTitle "CBM 174 Extra"]
[Source "ChessBase"]
[SourceDate "2016.10.10"]
[SourceVersion "1"]
[SourceVersionDate "2016.10.10"]
[SourceQuality "1"]

1. e4 e5 2. Nf3 Nc6 3. Bb5 a6 4. Ba4 d6 5. c3 Bd7 6. Bc2 g6 7. 0-0 Bg7 8. h3 Nge7 9. d4 0-0 10. dxe5 Nxe5 11. Nxe5 dxe5 12. Qe2 Bb5 13. c4 Bd7 14. Bg5 h6 15. Bxe7 Qxe7 16. Nc3 Be6 17. Nd5 Qc5 18. b4 Qd6 19. c5 Qd7 20. Rad1 Bxd5 21. Rxd5 Qe7 22. Rfd1 Rad8 23. Qd2 Bf6 24. Bb3 c6 25. Rd6 Bg5 26. Qd3 Qc7 27. Rd7 Rxd7 28. Qxd7 Rc8 29. Bxf7+ Kf8 30. Qxc7 Rxc7 31. Bxg6 Ke7 32. Bf5 Ke8 33. Rd6 Bc1 34. Re6+ Re7 35. Rxe7+ Kxe7 36. Bc8 Ba3 37. Bxb7 Bxb4 38. Bxa6 Bxc5 39. Bb7 Kd6 40. Bxc6 Kxc6 41. Kf1 Bb6 42. Ke2 Kc5 43. Kd3 Kc6 44. Ke2 Kc5 45. g3 Kd4 46. Kf3 Ba5 47. g4 Bd2 48. a4 Kc5 49. Ke2 Bf4 50. Kd3 Kb4 51. a5 Kxa5 52. Kc4 Kb6 53. Kd5 Kc7 54. Ke6 Kd8 55. h4 Ke8 56. Kf6 Kf8 57. g5 Kg8 58. g6 h5 59. Kf5 Kg7 60. f3 Bg3 61. Kg5 Bxh4+ 62. Kxh4 Kxg6 63. Kg3 Kg5 64. f4+ exf4+ 65. Kf3 h4 66. e5 h3 67. e6 Kf6 0-1

[Event "EU-ch U10 26th"]
[Site "Prague"]
[Date "2016.08.19"]
[Round "2"]
[White "Sultanahmedov, Bulat"]
[Black "Anghel, Iulian Mihai"]
[Result "0-1"]
[WhiteElo "1356"]
[BlackElo "1777"]
[PlyCount "166"]
[EventDate "2016.08.18"]
[EventType "swiss"]
[EventRounds "9"]
[EventCountry "CZE"]
[SourceTitle "CBM 174 Extra"]
[Source "ChessBase"]
[SourceDate "2016.10.10"]
[SourceVersion "1"]
[SourceVersionDate "2016.10.10"]
[SourceQuality "1"]

1. e4 c6 2. d4 d5 3. Nc3 dxe4 4. Nxe4 Bf5 5. Ng3 Bg6 6. Nf3 Nd7 7. Bd3 Bxd3 8. Qxd3 e6 9. 0-0 Ngf6 10. Bd2 Bd6 11. Rfe1 0-0 12. Rad1 Qc7 13. c3 Rfd8 14. Qc2 c5 15. dxc5 Nxc5 16. Bg5 Be7 17. h3 h6 18. Bc1 Bd6 19. Nf1 Nd5 20. Ne3 Nf4 21. Nd4 a6 22. Kf1 Be7 23. Ng4 Nd5 24. Ne3 Nxe3+ 25. Bxe3 Qh2 26. Nf3 Qc7 27. Kg1 Bf6 28. Qe2 b5 29. Nd4 Rac8 30. Qg4 Kh7 31. Bf4 Qb6 32. Be5 Bxe5 33. Rxe5 Qd6 34. Re2 Qc7 35. Red2 Qe7 36. Qf3 Qe8 37. Qg4 Kh8 38. Qf3 Rd5 39. Qg4 Rcd8 40. Qf3 Qf8 41. Qe3 R8d6 42. Qf3 Kg8 43. Qe3 Qd8 44. Kf1 Kf8 45. Qf3 Kg8 46. Kg1 Qd7 47. Qe3 e5 48. Nf3 Rxd2 49. Rxd2 Rxd2 50. Nxd2 Qd5 51. b3 f6 52. Kh2 Kf7 53. f3 f5 54. Kg1 g5 55. c4 bxc4 56. Nxc4 Nd7 57. Qa7 Qd4+ 58. Qxd4 exd4 59. Kf2 Ke6 60. Ke2 Kd5 61. Kd2 Nc5 62. Kc2 Ne6 63. g3 h5 64. Nb6+ Kd6 65. Nc8+ Ke5 66. Ne7 Kf6 67. Nd5+ Kf7 68. b4 h4 69. g4 fxg4 70. fxg4 Ke8 71. a3 Kd7 72. Kd3 Kd6 73. Nf6 Nf4+ 74. Kxd4 Nxh3 75. a4 Nf2 76. Ne4+ Nxe4 77. Kxe4 Kc6 78. Ke3 Kd5 79. Kf3 Kc4 80. b5 axb5 81. a5 Kc5 82. Ke4 h3 83. Kf3 b4 0-1